| 000 | 00900nam a2200253Ia 4500 | ||
|---|---|---|---|
| 003 | OSt | ||
| 005 | 20221005112627.0 | ||
| 006 | a|||||r|||| 00| 0 | ||
| 007 | ta | ||
| 008 | 221004b |||||||| |||| 00| 0 pan d | ||
| 020 | _cINR 100.00 | ||
| 024 | _a68704 | ||
| 037 |
_bSP/5346, 15/02/2020, Star Publications Pvt. Ltd. _cTextual |
||
| 040 |
_aCRL _cCRL _bpan |
||
| 041 |
_2pan _apan |
||
| 082 | _aV2:51, 153Q9 | ||
| 100 |
_aਇਸਲਾਮ, Fਮਸੁਲ, ਂਚ. _9624373 |
||
| 245 | 0 |
_aਸਾਵਰਕਰ _b ਝੂਠ ਅਤੇ ਸੱਚ |
|
| 260 |
_aਜਲੰਧਰ _bFਹੀਦ ਭਗਤ ਸਿੰਘ ਸੰਤਾਬਦੀ ਭਾਰਤ _c2019 |
||
| 300 |
_a136ਪ੍ਰ0 _ccm. |
||
| 650 | _aਇਤਿਹਾਸ | ||
| 942 |
_hV2:51, 153Q9 _cTEXL _2cc |
||
| 999 |
_c1025450 _d1025450 |
||